<?xml version="1.0" encoding="UTF-8"?><?xml-stylesheet type="text/xsl" href="static/style.xsl"?><OAI-PMH xmlns="http://www.openarchives.org/OAI/2.0/" xmlns:xsi="http://www.w3.org/2001/XMLSchema-instance" xsi:schemaLocation="http://www.openarchives.org/OAI/2.0/ http://www.openarchives.org/OAI/2.0/OAI-PMH.xsd"><responseDate>2026-04-14T03:28:41Z</responseDate><request verb="GetRecord" identifier="oai:www.recercat.cat:11351/13442" metadataPrefix="marc">https://recercat.cat/oai/request</request><GetRecord><record><header><identifier>oai:recercat.cat:11351/13442</identifier><datestamp>2026-04-01T11:56:57Z</datestamp><setSpec>com_2072_378066</setSpec><setSpec>com_2072_378040</setSpec><setSpec>col_2072_378087</setSpec></header><metadata><record xmlns="http://www.loc.gov/MARC21/slim" xmlns:dcterms="http://purl.org/dc/terms/" xmlns:xsi="http://www.w3.org/2001/XMLSchema-instance" xmlns:doc="http://www.lyncode.com/xoai" xsi:schemaLocation="http://www.loc.gov/MARC21/slim http://www.loc.gov/standards/marcxml/schema/MARC21slim.xsd">
   <leader>00925njm 22002777a 4500</leader>
   <datafield ind2=" " ind1=" " tag="042">
      <subfield code="a">dc</subfield>
   </datafield>
   <datafield ind2=" " ind1=" " tag="720">
      <subfield code="a">Moreno-Lorente, Mireia</subfield>
      <subfield code="e">author</subfield>
   </datafield>
   <datafield ind2=" " ind1=" " tag="720">
      <subfield code="a">Ramos Rivera, Josep</subfield>
      <subfield code="e">author</subfield>
   </datafield>
   <datafield ind2=" " ind1=" " tag="720">
      <subfield code="a">Estrada-Sabadell, Maria-Dolors</subfield>
      <subfield code="e">author</subfield>
   </datafield>
   <datafield ind2=" " ind1=" " tag="720">
      <subfield code="a">Vozmediano-Chicharro, Raúl</subfield>
      <subfield code="e">author</subfield>
   </datafield>
   <datafield ind2=" " ind1=" " tag="720">
      <subfield code="a">Vivanco-Hidalgo, Rosa Maria</subfield>
      <subfield code="e">author</subfield>
   </datafield>
   <datafield ind2=" " ind1=" " tag="260">
      <subfield code="c">2025-07-25T08:49:55Z</subfield>
   </datafield>
   <datafield ind2=" " ind1=" " tag="260">
      <subfield code="c">2025-07-25T08:49:55Z</subfield>
   </datafield>
   <datafield ind2=" " ind1=" " tag="260">
      <subfield code="c">2025</subfield>
   </datafield>
   <datafield ind2=" " ind1=" " tag="520">
      <subfield code="a">Teràpies d'estimulació elèctrica; Síndrome de bufeta hiperactiva; Nervi tibial posterior</subfield>
   </datafield>
   <datafield ind2=" " ind1=" " tag="520">
      <subfield code="a">Terapias de estimulación eléctrica; Síndrome de vejiga hiperactiva; Nervio tibial posterior</subfield>
   </datafield>
   <datafield ind2=" " ind1=" " tag="520">
      <subfield code="a">Electrical stimulation therapies; Overactive bladder syndrome; Posterior tibial nerve</subfield>
   </datafield>
   <datafield ind2=" " ind1=" " tag="520">
      <subfield code="a">Aquest informe d'avaluació de tecnologies sanitàries té l'objectiu de fer una revisió sistemàtica de la literatura, l’evidència científica disponible sobre la seguretat clínica i l’eficàcia i efectivitat clínica comparativa dels tractaments mitjançant l’ús de l’estimulació elèctrica percutània del nervi tibial posterior (PENS) o transcutània (TENS) en pacients adults amb la síndrome de la bufeta hiperactiva o disfunció neurogènica del tracte urinari inferior refractaris al tractament farmacològic convencional.</subfield>
   </datafield>
   <datafield ind2=" " ind1=" " tag="520">
      <subfield code="a">Este informe de evaluación de tecnologías sanitarias tiene como objetivo realizar una revisión sistemática de la literatura y de la evidencia científica disponible sobre la seguridad clínica, así como la eficacia y efectividad clínica comparativa de los tratamientos mediante el uso de la estimulación eléctrica percutánea del nervio tibial posterior (PENS) o transcutánea (TENS) en pacientes adultos con síndrome de vejiga hiperactiva o disfunción neurógena del tracto urinario inferior refractarios al tratamiento farmacológico convencional.</subfield>
   </datafield>
   <datafield ind2=" " ind1=" " tag="520">
      <subfield code="a">This health technology assessment report aims to conduct a systematic review of the literature and the available scientific evidence on the clinical safety, as well as the comparative clinical efficacy and effectiveness of treatments using percutaneous electrical nerve stimulation (PENS) or transcutaneous electrical nerve stimulation (TENS) of the posterior tibial nerve in adult patients with overactive bladder syndrome or neurogenic lower urinary tract dysfunction who are refractory to conventional pharmacological treatment.</subfield>
   </datafield>
   <datafield tag="653" ind2=" " ind1=" ">
      <subfield code="a">Bufeta - Malalties - Tractament</subfield>
   </datafield>
   <datafield tag="653" ind2=" " ind1=" ">
      <subfield code="a">Estimulació elèctrica</subfield>
   </datafield>
   <datafield tag="653" ind2=" " ind1=" ">
      <subfield code="a">DISEASES::Pathological Conditions, Signs and Symptoms::Signs and Symptoms::Urological Manifestations::Lower Urinary Tract Symptoms::Urinary Bladder, Overactive</subfield>
   </datafield>
   <datafield tag="653" ind2=" " ind1=" ">
      <subfield code="a">Other subheadings::Other subheadings::Other subheadings::/prevention &amp; control</subfield>
   </datafield>
   <datafield tag="653" ind2=" " ind1=" ">
      <subfield code="a">ANALYTICAL, DIAGNOSTIC AND THERAPEUTIC TECHNIQUES, AND EQUIPMENT::Therapeutics::Electric Stimulation Therapy</subfield>
   </datafield>
   <datafield tag="653" ind2=" " ind1=" ">
      <subfield code="a">ANALYTICAL, DIAGNOSTIC AND THERAPEUTIC TECHNIQUES, AND EQUIPMENT::Therapeutics::Electric Stimulation Therapy::Transcutaneous Electric Nerve Stimulation</subfield>
   </datafield>
   <datafield tag="653" ind2=" " ind1=" ">
      <subfield code="a">ANATOMY::Nervous System::Peripheral Nervous System::Peripheral Nerves::Spinal Nerves::Lumbosacral Plexus::Sciatic Nerve::Tibial Nerve</subfield>
   </datafield>
   <datafield tag="653" ind2=" " ind1=" ">
      <subfield code="a">ENFERMEDADES::afecciones patológicas, signos y síntomas::signos y síntomas::manifestaciones urológicas::síntomas de vías urinarias inferiores::vejiga urinaria hiperactiva</subfield>
   </datafield>
   <datafield tag="653" ind2=" " ind1=" ">
      <subfield code="a">Otros calificadores::Otros calificadores::Otros calificadores::/prevención &amp; control</subfield>
   </datafield>
   <datafield tag="653" ind2=" " ind1=" ">
      <subfield code="a">TÉCNICAS Y EQUIPOS ANALÍTICOS, DIAGNÓSTICOS Y TERAPÉUTICOS::terapéutica::tratamiento con estimulación eléctrica</subfield>
   </datafield>
   <datafield tag="653" ind2=" " ind1=" ">
      <subfield code="a">TÉCNICAS Y EQUIPOS ANALÍTICOS, DIAGNÓSTICOS Y TERAPÉUTICOS::terapéutica::tratamiento con estimulación eléctrica::estimulación eléctrica transcutánea del nervio</subfield>
   </datafield>
   <datafield tag="653" ind2=" " ind1=" ">
      <subfield code="a">ANATOMÍA::sistema nervioso::sistema nervioso periférico::nervios periféricos::nervios espinales::plexo lumbosacro::nervio ciático::nervio tibial</subfield>
   </datafield>
   <datafield ind2="0" ind1="0" tag="245">
      <subfield code="a">Evaluación de la seguridad clínica y eficacia de la estimulación eléctrica transcutánea y percutánea del nervio tibial posterior en pacientes con síndrome de vejiga hiperactiva o disfunción neurógena del tracto urinario inferior refractarios al tratamiento farmacológico convencional</subfield>
   </datafield>
</record></metadata></record></GetRecord></OAI-PMH>